00668nam a2200229Ia 4500003000900000008004100009040001300050040001300063041000800076100002200084245004800106250001200154260001200166260000900178300001000187300001000197490001800207490000700225942000700232999001700239952018200256IT-RoPAU120407s9999 xx 000 0 und d aIT-RoPAU cIT-RoPAU aita aTarcisio Stramare aMatteo divorzista? Studi su Mt. 5,32 e 19,9 aBrescia aPaideia c1986 a96 p. c21 cm aStudi biblici v76 cBK c37375d37375 00102ddc406222_77600000000000071aPAULUSbPAULUSd2012-04-11l0o222.776r2012-04-11 00:00:00w2012-04-11yBKzInserito da: In data: n.d. fondo: Via A.Severo 56 Progr:26054